MDQL
is popping MORE tags! Check the
thread
!
Quizzes
Events
Quiz Creation
Community
Videos
Private Events
Remove Ads
Sign In
Join for FREE
Feedback
Dark Mode
Quiz Categories
Sports
Geography
Music
Movies
Television
Just For Fun
Miscellaneous
History
Literature
Language
Science
Gaming
Entertainment
Religion
Holiday
For Kids
Quiz Lab
Recent
Popular Today
Quiz Kudos Today
Editor Picks
Curator Picks
Quizzes by...
Day
Popularity
Type
Ratings
Length
Year
Community
Subscriptions
Recent Discussions
Orange Saloon
Badges
Playlists
Quests
Create
Leaderboards
Showdown
Live 5
Trivia Bingo
Activity
Puzzle Library
Sporcle Events
Private Events
Virtual Trivia
Globe League
Become a Host
Pub Owners
SporcleCon
Opinionation
Our Games
Videos
Blog
Mobile Apps
Partnerships
Remove Ads and Go Orange
Feedback
Sports
Athletes
MLB
NBA
NHL
NFL
Soccer
Sports Teams
WWE
NCAA
Football
Premier League
Basketball
Baseball
Hockey
Golf
Tennis
Cricket
Rugby
Auto Racing
Olympics
World Cup
Sports
Athletes
MLB
NBA
NHL
NFL
Soccer
Sports Teams
WWE
NCAA
Football
Premier League
Basketball
Baseball
Hockey
Golf
Tennis
Cricket
Rugby
Auto Racing
Olympics
World Cup
Random Quiz
Search Sporcle
×
Quiz Lab
Quiz Lab
Sports
Football
Type in answers that appear in a list
Type in answers that appear in a list
Classic
Best Score? Go Orange.
USC Football Losses under Pete Carroll Stats
Can you name the USC Football Losses under Pete Carroll?
By
jfeigen06
3m
19 Questions
1,432 Plays
1,432 Plays
1,432 Plays
Comments
Comments
Give Quiz Kudos
Give Quiz Kudos
-
- Ratings
hide this ad
Replay
Link that replays current quiz
Next Quiz
Link to next quiz in quiz playlist
You Got
0%
They Got
Avg Score
80%
Avg Friend Score
Upgrade to see
Score Distribution
Jump to the score distribution portion of the page
Score
0/19
Timer
03:00
0
Plays Today
Season
School
% Correct
2001-
02
Oregon Ducks
97.4%
2007-
08
Oregon Ducks
97.4%
2006-
07
UCLA Bruins
95.6%
2001-
02
Stanford Cardinal
94.1%
2007-
08
Stanford Cardinal
94.1%
2001-
02
Washington Huskies
93.7%
2009-
10
Washington Huskies
93.7%
2005-
06
Texas Longhorns
92.6%
2003-
04
California Golden Bears
89.3%
2006-
07
Oregon State Beavers
88.3%
Season
School
% Correct
2008-
09
Oregon State Beavers
88.3%
2009-
10
Oregon Ducks
83.7%
2009-
10
Stanford Cardinal
81.4%
2009-
10
Arizona Wildcats
77.9%
2002-
03
Washington State Cougars
77.1%
2001-
02
Notre Dame Fighting Irish
73.7%
2001-
02
Utah Utes
50.3%
2001-
02
Kansas State Wildcats
33%
2002-
03
Kansas State Wildcats
33%
Quiz Playlist
Details
Report
Send in Message
Add To Playlist
Classic:
Type in answers that appear in a list
Last Updated: Feb 16, 2017
Quiz Scoreboard
CHALLENGE
Sign Up to Join the Scoreboard
Show All
Scores
Hide
Comments
May contain spoilers
Recently Published
Find the 'City' Movie
by crazypaving
Movies
60s
5x2 Blitz: Bands
by SL_Kpop136
Music
30s
Colored Red Africa Blitz
by spor1
Geography
30s
More to Explore
Quiz From the Vault
Featured Blog Post
14 Easter Pick-up Lines to Find Eggs With
hide this ad
You Might Also Like...
Tags
Football Quiz
carroll
loss
pete
Pete Carroll
school
score
season
Under
USC
USC Football
Today's Top Quizzes in Sports
Browse Sports
hide this ad
Today's Top Quizzes in Football
Browse Football
Top Contributed Quizzes in Sports
1
Players with Multiple 50 Home Run Seasons
2
Criteria MLB: Left Handed Sluggers
3
MLB Players with Two .350 Batting Average Seasons
4
Who Hit More Homers?
5
Premier League Clubs since 2000 (minefield)
6
Who Needs Fielders?
7
2020 F1 Drivers Logic Puzzle
8
Les entraîneurs de l'OM et du PSG au 21e siècle
9
Top 10 NHL Goal Scorers of All Time
10
MLB Hall of Famer by Rings
Explore More
Trending Topics
Crossword
Marvel
Anime
Kpop
NBA
Harry Potter
Disney
Soccer
Song
Puzzle
The Office
NFL
WWE
Pokémon
Country
hide this ad
More By:
jfeigen06
Quiz
Plays
Rating
Category
Featured
Created
MLB Single Season Offensive Records (modern era)
3,715
3.94
Sports
Sep 25, 2009
Players who led MLB in Home Runs and RBI
3,339
3.83
Sports
Oct 21, 2009
MLB Pitchers with an .850 Winning Pct.
3,046
4.33
Sports
May 22, 2010
USC Football Losses under Pete Carroll
1,432
4.86
Sports
Oct 20, 2009
Countries larger than California (pop.)
919
4.06
Geography
Jul 12, 2010
Go to Creator's Profile
Score Distribution
Quiz Creator Spotlight
jfeigen06
Follow
Send a Message
Quizzes Created
-
Created Quiz Play Count
-
More By This Creator
Popular Quizzes Today
1
Colored Red Africa Blitz
2
Find the 'City' Movie
3
5x2 Blitz: Bands
4
Find the US States - No Outlines Minefield
5
The Countries of the World
6
Find the US States
7
US States
8
9x9 Crossword: Cartoon Network
More Sports Quizzes
1,000 Hits for 2 Different MLB Teams
Editor's Pick
Trending Quizzes
Colored Red Europe Blitz I
Colored Red Africa Blitz II
Colored Red Europe Blitz II
Colored Red Europe Blitz III
Colored Red Africa Blitz III
Recently Updated
Famous TV Couples
Peacemaker
Champions League XIs: Real Madrid
pecheneg
Largest US Cities 1790-2010
pecheneg
Rides in Walt Disney World
pecheneg
Most Oscar Losses (Acting)
pecheneg
Beyoncé Albums
pecheneg
Leaping Animals
pecheneg
Reality TV Shows (A-Z)
bhenderson79
Rickey Henderson's Hall of Fame Teammates
pecheneg
Champions League XIs: Arsenal
pecheneg
Trending Topics
Disney
NBA
Marvel
Harry Potter
Crossword
Anime
Kpop
Song
WWE
Soccer
Puzzle
Country
NFL
Pokémon
The Office
Your Account Isn't Verified!
In order to create a playlist on Sporcle, you need to verify the email address you used during registration. Go to your
Sporcle Settings
to finish the process.
Report this User
Report this user for behavior that violates our
Community Guidelines
.
Details:
Send Report
Go to the Sporcle.com Mobile Site →
Comments